00369nam a2200157Ia 4500003000500000008004100005020001800046040001900064082000700083100001800090245004200108260003100150300001000181365000800191546001200199STCL230726s9999 xx 000 0 und d a9780141346809 aSTCLcSTCLbEN 222 aRiordan, Rick 0aPercy Jackson and the lightning thief bPuffin BooksaLondonc2018 a374 p b399 aEnglish